|
|
|
|
| LEADER |
00000nam0a2200000 4500 |
| 001 |
265362 |
| 005 |
20231101233920.0 |
| 035 |
|
|
|a (RuTPU)RU\TPU\book\288363
|
| 090 |
|
|
|a 265362
|
| 100 |
|
|
|a 20140625d1986 k y0rusy50 ca
|
| 101 |
0 |
|
|a rus
|
| 102 |
|
|
|a RU
|
| 105 |
|
|
|a a z 001zy
|
| 200 |
1 |
|
|a Дистанционные исследования при поисках полезных ископаемых
|f Академия наук СССР (АН СССР), Сибирское отделение (СО), Институт геологии и геофизики (ИГиГ) ; под ред. В. Н. Шарапова
|
| 210 |
|
|
|a Новосибирск
|c Наука
|d 1986
|
| 215 |
|
|
|a 176 с.
|c ил.
|
| 320 |
|
|
|a Библиогр. в конце ст.
|
| 606 |
1 |
|
|a Геологические исследования с космических летательных аппаратов
|2 stltpush
|3 (RuTPU)RU\TPU\subj\6049
|9 34013
|
| 610 |
1 |
|
|a дистанционные исследования
|
| 610 |
1 |
|
|a полезные ископаемые
|
| 610 |
1 |
|
|a поиск
|
| 610 |
1 |
|
|a аэрокосмические исследования
|
| 610 |
1 |
|
|a прогноз
|
| 610 |
1 |
|
|a оруденения
|
| 675 |
|
|
|a 550.814:629.78
|v 3
|
| 702 |
|
1 |
|a Шарапов
|b В. Н.
|4 340
|
| 712 |
0 |
2 |
|a Академия наук СССР (АН СССР)
|b Сибирское отделение (СО)
|b Институт геологии и геофизики (ИГиГ)
|c (Новосибирск)
|2 stltpush
|3 (RuTPU)RU\TPU\col\128
|
| 801 |
|
1 |
|a RU
|b 63413507
|c 20140625
|
| 801 |
|
2 |
|a RU
|b 63413507
|c 20150914
|g RCR
|
| 942 |
|
|
|c BK
|